000 00479nam a2200193Ia 4500
003 GCL
008 140319s9999 xx 000 0 eng d
040 _aGCL /
_cGCL
082 0 4 _aA
_b757
_bT V
100 1 _aTREBLE, ROSEMARY
245 1 0 _aVAN GOGH AND HIS ART /
_cTREBLE, ROSEMARY
260 _a[S.N] :
_bBOOK VALUE INTERNATIONAL ،
_c1981
300 _a128 P P
650 0 4 _aARTS
650 0 4 _aCOLOUR
650 0 4 _aPAINTING
650 0 4 _aHUMAN FIGURES
942 _2ddc
_cBK
999 _c17007
_d17007